Freedom's cry : (Record no. 344534)
[ view plain ]
| 000 -LEADER | |
|---|---|
| fixed length control field | 01039 a2200193 4500 |
| 020 ## - INTERNATIONAL STANDARD BOOK NUMBER | |
| International Standard Book Number | 0195776577 |
| 020 ## - INTERNATIONAL STANDARD BOOK NUMBER | |
| International Standard Book Number | 9780195776577 |
| 082 04 - DEWEY DECIMAL CLASSIFICATION NUMBER | |
| Classification number | 950 |
| 090 ## - LOCALLY ASSIGNED LC-TYPE CALL NUMBER (OCLC); LOCAL CALL NUMBER (RLIN) | |
| -- | 2031 |
| -- | 2031 |
| 100 1# - MAIN ENTRY--PERSONAL NAME | |
| Personal name | Talbot, Ian. |
| 245 10 - TITLE STATEMENT | |
| Title | Freedom's cry : |
| Remainder of title | the popular dimension in the pakistan movement and partition experience in north-west india / |
| Statement of responsibility, etc. | Ian Talbot. |
| 260 ## - PUBLICATION, DISTRIBUTION, ETC. | |
| Place of publication, distribution, etc. | [S.l.] : |
| Name of publisher, distributor, etc. | Oxford University Press, USA, |
| Date of publication, distribution, etc. | 1997. |
| 300 ## - PHYSICAL DESCRIPTION | |
| Extent | 268 p. ; |
| Dimensions | 23 cm. |
| 500 ## - GENERAL NOTE | |
| General note | Hardcover. |
| 520 ## - SUMMARY, ETC. | |
| Summary, etc. | Talbot examines the role of popular participation in the Pakistan Movement and the social and psychological impact of the 1947 experience. He focuses particularly on the role of the ordinary citizen and the human dimension of Partition, draws extensively on fictional representation, and provides comprehensive data on refugee resettlement. |
| 856 40 - ELECTRONIC LOCATION AND ACCESS | |
| Materials specified | Amazon.com |
| Uniform Resource Identifier | <a href="http://www.amazon.com/exec/obidos/ASIN/0195776577/chopaconline-20">http://www.amazon.com/exec/obidos/ASIN/0195776577/chopaconline-20</a> |
| 856 40 - ELECTRONIC LOCATION AND ACCESS | |
| Materials specified | Amazon customer reviews |
| Uniform Resource Identifier | <a href="http://www.chopac.org/cgi-bin/tools/azrev.pl?q=0195776577">http://www.chopac.org/cgi-bin/tools/azrev.pl?q=0195776577</a> |
| 942 ## - ADDED ENTRY ELEMENTS (KOHA) | |
| Institution code [OBSOLETE] | NBS |
| Koha item type | Book |
| Call number prefix | 954.91 TAL |
| Withdrawn status | Lost status | Damaged status | Not for loan | Permanent Location | Current Location | Date acquired | Total Checkouts | Full call number | Barcode | Date last seen | Date last checked out | Price effective from | Koha item type |
|---|---|---|---|---|---|---|---|---|---|---|---|---|---|
| Central Library (CL) | Central Library (CL) | 08/28/2013 | 1 | 954.91 TAL | NBS2219 | 06/27/2023 | 08/28/2017 | 08/28/2013 | Book |
